000 00340nam a22001337a 4500
008 250508b |||||||| |||| 00| 0 eng d
020 _a0812021045
050 _aNC 242
_b.B33
100 _aHofstätter, Hans Hellmu
245 _aAubrey Beardsley Drawings
260 _aNew York
_b Barron's/Woodbury
_c1979
300 _aNew York
942 _cBK
999 _c3366
_d3366